000
00393nam a2200145Ia 4500
008
090122s9999 xx 000 0 und d
082
_b
6034
_a
891.4684
100
_a
महाजन
_b
सुलक्षणा
245
_a
जग बदलल!
600
_a
महाजन
630
_a
जग बदलल!
700
_a
महाजन
730
_a
जग बदलल!
942
_c
BOOK
999
_c
30111
_d
30111